000 00534nam a2200193Ia 4500
005 20250508165113.0
008 008 250505s9999 xx 000 0 eng d
037 _aDissertations
040 _aFEDL
_beng
_cFEDL
041 _aeng
_2eng
084 _a370.1, ARO/DI
_qFEDL
100 _aArora Shuchita
_9779894
245 0 _aIndoctrination: An analytic study
260 _c2011
300 _a95p.
546 _aM. Ed. Dissertation, (Delhi University)
942 _cDIS
_h370.1, ARO/DI
999 _c1393186
_d1393186